| 000 | 00701nam a22001697a 4500 | ||
|---|---|---|---|
| 008 | 160430b xxu||||| |||| 00| 0 eng d | ||
| 082 |
_22012 _aUT 0364 _bM37 |
||
| 100 |
_97013 _aMasaya, Chareese Mae N. |
||
| 245 |
_aProfile in the causes of morbidity and mortality in barangay Zone 1 & 2 , Digos City: Basis for an action plan/ _cChareese Mae N. Masaya, Dianne Lorraine B. Hoo, Joanne G. Bodiongan and Preciuos Joy O. Ancil. |
||
| 260 |
_aDigos City: _bUMDC _cMay 2012. |
||
| 300 |
_a50 pages; _c28 cm. |
||
| 650 | 0 |
_97016 _aNursing _xUndergraduate thesis. |
|
| 700 |
_97018 _aHoo, Dianne Lorraine B. |
||
| 700 |
_97020 _aBodiongan, Joanne G. |
||
| 700 |
_97021 _aAncil, Precious Joy O. |
||
| 942 |
_2ddc _cUT |
||
| 999 |
_c2158 _d2158 |
||